טוען...
Experimental foundations of particle physics
| מחבר ראשי: | |
|---|---|
| פורמט: | Printed Book |
| יצא לאור: |
Cambridge University Press, Cambridge
1989
|
| נושאים: |
| LEADER | 00568nam a2200193 4500 | ||
|---|---|---|---|
| 020 | |a 9780521332552 | ||
| 082 | |a R 539.7 CAH-E | ||
| 100 | |a Cahn, Robert N; Goldhaber, Gerson | ||
| 245 | |a Experimental foundations of particle physics | ||
| 250 | |||
| 260 | |a Cambridge University Press, Cambridge |c 1989 | ||
| 300 | |a 428 | ||
| 490 | |||
| 500 | |||
| 590 | |a Gimish | ||
| 650 | |a Atomic and Nuclear physics | ||
| 942 | |c BK | ||
| 999 | |c 82507 |d 82507 | ||
| 952 | |0 0 |1 0 |4 0 |6 R_539_700000000000000_CAHE |7 0 |9 95975 |a PHY |b PHY |l 0 |o R 539.7 CAH-E |p PHY04167 |r 2019-09-24 |w 2019-09-24 |y BK | ||